Heartstopper Trivia - Statistics

General Stats
  • This quiz has been taken 1,962 times
  • The average score is 6 of 11
Answer Stats
Hint Answer % Correct
who is 62% homosexual nick nelson
98%
who doesn't care about charlie and used him ben hope
72%
who did nick nelson help realize she was a lesbian tara jones
67%
who is waiting for harry's mum to eat lunch with tao xu
60%
who never wants to go back to truham elle argent
53%
who isn't going to tell nick and charlie to go back to sports day mr. ajayi
43%
who has always been confident with their sexuality darcy olsson
41%
who is going to murder you if you don't sign up for a sports day event coach singh
39%
who thinks (knows) nick isn't straight tori spring
34%
who has been crushing on nick FOREVER imogen heaney
24%
who secretly wants to get with tao even though he's "straight" harry greene
23%
No matching quizzes found
Score Distribution
Percent of People with Each Score
Percentile by Number Answered
Your Score History
You have not taken this quiz